[Event "Migoya Memorial tt"]
[Site "Camaguey"]
[Date "2018.09.27"]
[Round "10.3"]
[White "Gandia Munoz, Pedro Julio"]
[Black "Hernandez Gil, Ineymig"]
[Result "0-1"]
[WhiteElo "1990"]
[BlackElo "2073"]
[PlyCount "46"]
[EventDate "2018.09.20"]
[EventType "team-tourn"]
[EventRounds "10"]
[EventCountry "CUB"]
[SourceTitle "EXT 2021"]
[Source "ChessBase"]
[SourceDate "2020.10.23"]
[SourceVersion "1"]
[SourceVersionDate "2020.10.23"]
[SourceQuality "1"]

1. e4 c6 2. Nc3 d5 3. Qf3 dxe4 4. Nxe4 Nd7 5. d3 Ngf6 6. Be3 e5 7. Ne2 Bb4+ 8. c3 Be7 9. N2g3 g6 10. Qe2 Nd5 11. Bc1 f5 12. Nd2 Nf4 13. Qd1 Nc5 14. Nc4 Ncxd3+ 15. Bxd3 Nxd3+ 16. Ke2 e4 17. f4 Be6 18. b3 Qc7 19. Qf1 Bxc4 20. bxc4 Bd6 21. a4 Bxf4 22. Bxf4 Nxf4+ 23. Ke3 0-0-0 0-1

[Event "Tomas Aguilera Angelino Memorial"]
[Site "Ciego de Avila"]
[Date "2018.04.05"]
[Round "2"]
[White "Salina Parra, Leandro"]
[Black "Gandia Munoz, Pedro Julio"]
[Result "1-0"]
[WhiteElo "2029"]
[BlackElo "1817"]
[PlyCount "87"]
[EventDate "2018.04.05"]
[EventType "swiss"]
[EventRounds "9"]
[EventCountry "CUB"]
[SourceTitle "EXT 2021"]
[Source "ChessBase"]
[SourceDate "2020.10.23"]
[SourceVersion "1"]
[SourceVersionDate "2020.10.23"]
[SourceQuality "1"]

1. e4 e5 2. Nf3 Nc6 3. Bb5 d6 4. h3 Be7 5. c3 Nf6 6. Qe2 0-0 7. 0-0 Bd7 8. d3 a6 9. Ba4 b5 10. Bc2 Re8 11. Rd1 Qc8 12. Nbd2 Bf8 13. Nf1 h6 14. Ng3 Qb7 15. Nh4 Ne7 16. Qf3 Kh7 17. Nhf5 Neg8 18. d4 Bxf5 19. Qxf5+ g6 20. Qf3 exd4 21. cxd4 Rad8 22. Bf4 Bg7 23. h4 Nd7 24. h5 Nf8 25. Be3 Nf6 26. Rac1 Re7 27. hxg6+ fxg6 28. Qf4 Ne6 29. Qh4 Ng8 30. d5 Nf8 31. Bg5 Rde8 32. Bxe7 Rxe7 33. b4 Rf7 34. f4 Qb6+ 35. Kh1 Bc3 36. Rd3 Bxb4 37. a3 Bc5 38. e5 Be3 39. Rf1 dxe5 40. fxe5 Rxf1+ 41. Nxf1 Bf2 42. Qf4 Bc5 43. d6 Qb8 44. Qf7+ 1-0